00696nam a2200193 i 450000100060000000300090000600500170001500700030003200800410003510000310007624501070010725000150021426000430022930000320027270000270030485200320033199900170036395201220038035712ES-MaACL20230906155208.0t|030213s1972 sp ||||1| spa d1 aBrockdorff, Werner.93183910aComandos secretos de la Segunda Guerra Mundial... / cWerner Brockdorff ; [versión de Jesús Ruiz]. a[1ª ed.]. aBarcelona : bLuis de Caralt, c[1972] a423 p., 4 lám. ; c22 cm.1 aRuiz, Jesús.9100613 aES-MaACLjC-42767 bR.81789 c35712d35712 00104070aATENEOMbATENEOMcDEPO2d2008-01-17eSCl0oC-42767p1037397r2023-02-23 00:00:00w2023-02-23yMONOGRAFIA